| 000 | 02016nam a2200241Ia 4500 | ||
|---|---|---|---|
| 005 | 20220316181231.0 | ||
| 008 | 220315t2013||||xx |||||||||||||| ||spa|| | ||
| 020 | _a9780867155655 | ||
| 040 |
_aODONTO _bspa _cODONTO _dODONTO |
||
| 041 | _ging | ||
| 082 | _aR 616.0725722 M643 | ||
| 100 |
_aMiles, Dale A. _9764 |
||
| 245 | 0 | _aAtlas of cone beam imaging for dental applications / | |
| 250 | _a2a ed. | ||
| 260 |
_aIllinois : _bQuintessence Publishing, _c2013. |
||
| 300 |
_aviii 408 p. _bil. |
||
| 520 | _aLas imágenes de haz cónico se están convirtiendo rápidamente en un lugar común en las consultas dentales para todas las especialidades, y este libro ha actualizado para reflejar las formas en que los odontólogos utilizan la tomografía computarizada de haz cónico (CBCT). Como antes, el libro presenta a los lectores las diferentes formas de ver los conjuntos de datos de CBCT y guía a los médicos en la identificación de puntos de referencia anatómicos familiares y desconocidos en los tres planos de sección (axial, sagital y coronal). Nuevos en esta edición son los capítulos que presentan aplicaciones endodónticas de CBCT, casos seleccionados de la práctica de radiología y problemas de riesgo y responsabilidad asociados con la captura de datos CBCT. Además, el capítulo de anatomía se ha actualizado con muchas ilustraciones nuevas y una nueva sección sobre anatomía de pequeño volumen. Las presentaciones de casos integrales demuestran las capacidades de diagnóstico y planificación del tratamiento de CBCT en su gama completa de aplicaciones y, al mismo tiempo, destacan situaciones en las que las imágenes radiográficas tradicionales serán suficientes. | ||
| 650 | 0 | 2 |
_aEnfermedades bucales _9765 _2LEMB |
| 650 | 0 | 2 |
_aTomografía computarizada de haz cónico _2LEMB _9864 |
| 650 | 0 | 2 |
_aTecnología odontológica _2LEMB _9865 |
| 650 | 0 | 2 |
_a Tratamiento de conductos radiculares _2LEMB _9866 |
| 942 |
_aBiblioteca de la Facultad de Odontología _cBK _kR 616.0725722 M643 _2ddc _n0 |
||
| 999 |
_c275 _d275 |
||